Biblioteka Instytutu Północnego w Olsztynie

Widok standardowy Widok MARC

Pozycja Personal Name

Liczba rekordów, w których użyto hasła: 1

001 - Numer kontrolny

  • control field: 41010

003 - Identyfikator numeru kontrolnego

  • control field: NUKAT

005 - Data i czas ostatniej modyfikacji

  • control field: 20260430123405.0

008 - Dane kontrolne kodowane (40 znaków)

  • fixed length control field: 200401n||a|znnaabn |a aaa |c

010 ## - Numer kontrolny Biblioteki Kongresu

  • numer kontrolny LC: n 2020205363

024 7# - OTHER STANDARD IDENTIFIER

  • Standard number or code: 311806608
  • Source of number or code: viaf

040 ## - Instytucja sporządzająca rekord

  • inst. przygot. dane do rek. khw: KR 295/AD
  • język haseł przedmiotowych/tezaurus: kaba
  • inst. wprow. rek. khw: KR 295/AD

043 ## - Kod obszaru geograficznego

  • ISO code: PL

100 1# - Hasło - nazwa osobowa

  • nazwa osobowa w formie ujednoliconej: Szczygieł, Rafał.

370 ## - Associated place

  • Country: Polska.
  • Auth control #: http://nukat.edu.pl/aut/s 94110000
  • Source of term: kaba

370 ## - Associated place

  • Residence/HQ: Kraków (Polska).
  • Auth control #: http://nukat.edu.pl/aut/s 94114911
  • Source of term: kaba

372 ## - Field of activity

  • Field: Historia.
  • Auth control #: http://nukat.edu.pl/aut/s 94205867
  • Source of term: kaba

373 ## - Associated Group

  • Associated group: Uniwersytet Papieski Jana Pawła II (Kraków).
  • Auth control #: http://nukat.edu.pl/aut/n 2009063510

375 ## - Gender

  • Gender: 1
  • Source of term: iso5218

377 ## - Assoc lang

  • Lang code: pol

670 ## - Źródło informacji

  • źródło informacji: Oddział Narodowych Sił Zbrojnych pod dowództwem Jana Stefki ps. "Mściciel" w latach 1945-1946 w świetle dokumentów UB / Rafał Szczygieł // Folia Historica Cracoviensia. - Kraków, 1989- , Vol. 20 (2014), strony 205-258.

670 ## - Źródło informacji

  • źródło informacji: BNPol online
Biblioteka Instytutu Północnego, ul. Partyzantów 87, 10-402 Olsztyn, email: biblioteka(at)ip.olsztyn.pl